书目信息 |
| 题名: |
教师道德
|
|
| 作者: | 契尔那葛卓娃 著 ;严缘华 , 盛宗范 译 | |
| 分册: | ||
| 出版信息: | 上海 华东师范大学出版社 1982.03 |
|
| 页数: | 221页 | |
| 开本: | 19cm | |
| 丛书名: | ||
| 单 册: | ||
| 中图分类: | G651 | |
| 科图分类: | ||
| 主题词: | 教育--各级 | |
| 电子资源: | ||
| ISBN: | ||
| 000 | 00709nam0 2200217 45 | |
| 001 | 0404291507 | |
| 005 | 20060813094420.89 | |
| 010 | @dCNY0.58 | |
| 091 | @a7135.043 | |
| 100 | @a20040429d1982 km y0chiy0120 ea | |
| 101 | 0 | @achi@crus |
| 200 | 1 | @a教师道德@AJiao Shi Dao De@f(苏)В·Н·契尔那葛卓娃等著@F(su)В·Н·qi er na ge zhuo wa deng zhu@g严缘华,盛宗范译 |
| 210 | @a上海@c华东师范大学出版社@d1982.03 | |
| 215 | @a221页@d19cm | |
| 606 | 0 | @a教育@x各级 |
| 690 | @aG651@v3 | |
| 701 | 0 | @a契尔那葛卓娃@Aqi er na ge zhuo wa@4著 |
| 702 | 0 | @a严缘华@AYan Yuan Hua@4译 |
| 702 | 0 | @a盛宗范@ASheng Zong Fan@4译 |
| 801 | @aCN@bTSTCL@c20060813 | |
| 905 | @f1@b81716@dG651@e9@b81718@f1@f1@b81720@f3@b81722-724 | |
| 教师道德/(苏)В·Н·契尔那葛卓娃等著/严缘华,盛宗范译.-上海:华东师范大学出版社,1982.03 |
| 221页;19cm |
| ISBN :CNY0.58 |
| ● |
| 相关链接 |
|
|
|
|
正题名:教师道德
索取号:G651/9
 
预约/预借
| 序号 | 登录号 | 条形码 | 馆藏地/架位号 | 状态 | 备注 |
| 1 | 0081716 | 001003416 | 密集书库/ [索取号:G651/9] | 在馆 | |
| 2 | 0081717 | 202172068 | 密集书库/ [索取号:G651/9] | 在馆 | |
| 3 | 0081718 | 001003443 | 密集书库/ [索取号:G651/9] | 在馆 | |
| 4 | 0081719 | 202172102 | 密集书库/ [索取号:G651/9] | 在馆 | |
| 5 | 0081720 | 000056833 | 密集书库/ [索取号:G651/9] | 在馆 | |
| 6 | 0081721 | 202172148 | 密集书库/ [索取号:G651/9] | 在馆 | |
| 7 | 0081722 | 001467488 | 密集书库/ [索取号:G651/9] | 在馆 | |
| 8 | 0081723 | 001003425 | 密集书库/ [索取号:G651/9] | 在馆 | |
| 9 | 0081724 | 001003434 | 密集书库/ [索取号:G651/9] | 在馆 | |
| 10 | 0081725 | 001003372 | 第一样本阅览室/ [索取号:G651/9] | 在馆 | |
| 11 | 0447003 | 204470036 | 密集书库/ [索取号:G651/9] | 在馆 | |
| 12 | 0459193 | 204591931 | 密集书库/ [索取号:G651/9] | 在馆 | |
| 13 | 0459194 | 204591940 | 密集书库/ [索取号:G651/9] | 在馆 | |
| 14 | 0459195 | 204591959 | 密集书库/ [索取号:G651/9] | 在馆 | |
| 15 | 0459196 | 204591968 | 密集书库/ [索取号:G651/9] | 在馆 | |
| 16 | 0459197 | 204591977 | 密集书库/ [索取号:G651/9] | 在馆 | |
| 17 | 0459198 | 204591986 | 密集书库/ [索取号:G651/9] | 在馆 |